Goods by Greatest Producer - Statistics

General Stats
  • This quiz has been taken 14 times
    10 since last reset
  • The average score is 9 of 17
Answer Stats
Picture Hint Answer % Correct
Sausages Germany
100%
Pasta Italy
100%
Coffee Brazil
88%
Oil USA
88%
Mangoes India
75%
Cocoa Beans Ivory Coast
75%
Opium Afghanistan
63%
Coconuts Indonesia
63%
Diamonds Russia
63%
Raclette Switzerland
63%
Copper Chile
38%
Sulfur China
38%
Silver Mexico
38%
Iron Australia
25%
Pepper Vietnam
25%
Mustard Seeds Nepal
0%
Mustard Seeds Nepal
0%
No matching quizzes found
Score Distribution
Percent of People with Each Score
Percentile by Number Answered
Your Score History
You have not taken this quiz since the last reset